プロ野球スピリッツA【プロスピA】の外国人選手 (千葉ロッテマリーンズ) - Statistics

General Stats
  • This quiz has been taken 92 times
    4 since last reset
  • The average score is 26 of 41
Answer Stats
選手名 % Correct
野手(OB) レオン
100%
投手 A.ジャクソン
100%
投手 A.ボス
100%
投手 C.C.メルセデス
100%
野手 G.ポランコ
100%
投手 J.ジャクソン
100%
野手(OB) L.リー
100%
投手(OB) M.ボルシンガー
100%
野手 N.ソト
100%
野手 R.サントス
100%
投手 T.ゲレーロ
100%
野手(OB) ベニー
67%
投手 チェン・グァンユウ
67%
投手 イ・デウン
67%
野手 A.エチェバリア
67%
投手 B.サモンズ
67%
投手(OB) E.ヒルマン
67%
投手 J.コルデロ
67%
野手(OB) J.フランコ
67%
野手 K.バルガス
67%
野手 L.マーティン
67%
野手 L.クルーズ
67%
野手 M.ドミンゲス
67%
野手 M.ダフィー
67%
野手 W.ペーニャ
67%
野手 Y.ナバーロ
67%
投手 ブランドン
33%
投手 カルロス・ロサ
33%
野手(TS) A.デスパイネ
33%
野手 B.レアード
33%
投手(OB) B.シコースキー
33%
投手 E.ロメロ
33%
野手(OB) F.ボーリック
33%
投手 F.ハーマン
33%
投手 J.フェルナンデス
33%
投手 J.スタンリッジ
33%
野手 J.パラデス
33%
投手 L.ぺルドモ
33%
投手 L.カスティーヨ
33%
投手 T.シェッパーズ
33%
野手(OB) M.ディアズ
0%
No matching quizzes found
Score Distribution
Percent of People with Each Score
Percentile by Number Answered
Your Score History
You have not taken this quiz since the last reset